000 00303nam a22001337a 4500
008 181023b xxu||||| |||| 00| 0 eng d
020 _a9780321422743
041 _aeng
080 _29 ED
_a510
100 _a37
101 _aMAT
245 _aCalculus With Applications
_cLial.G.R
942 _2udc
_cBK
999 _c50648
_d50648